000 00910nac a22002297a 4500
001 BR8303995
003 BR-BrBNA
005 20240105115811.0
008 230509b bl.|||m| |||| 00| 0 por d
040 _aBR-BrBNA
_bpor
_cBiblioteca Nacional de Agricultura
072 _aA00
090 _aA00 BR8303995
110 1 _aEmpresa Brasileira de Pesquisa Agropecuaria, Brasilia, DF. Depto. de Difusao de Tecnologia
_93869
245 1 _aCatalogo de publicacoes da EMBRAPA e Empresas Estaduais de Pesquisa Agropecuaria: 1980-1981 [Empresa Brasileira de Pesquisa Agropecuaria, Bibliografia]
260 3 _aBrasilia, DF (Brasil):
_c1983.
300 _a538 p.
490 _aDocumentos - Empresa Brasileira de Pesquisa Agropecuaria. Depto. de Difusao de Tecnologia (Brazil)
_vno. 8
_x
650 _aAGRICULTURA
650 _aBIBLIOGRAFIA
909 _a202312
_bLúcia Elande
_c55
_dLúcia Elande
942 _2AGRIS
_n0
_cMS
999 _c276457
_d276457